000 00812nam a22002297a 4500
001 75246
003 BD-RjUL
005 20211209082650.0
008 190206s1929 enk||||| |||| 00| 0 eng d
035 _a(BD-RjUL)75464
040 _aBD-RjUL
_beng
_cBD-RjUL
041 _aeng
082 _223
_a572
_bGOO 1929
100 _aGortner, Ross Aiken,
_d1885-1942.
_9227831
245 _aOutlines of biochemistry :
_b the organic chemistry and the physiochemical reactions of biologically important compounds and systems /
_cRoss Aiken Gortner
260 _aNew York ;
_bLondon :
_bJohn Wiley & Sons [etc.],
_c1929.
300 _aXV, 793 p. :
_bill. ;
_c23 cm.
650 _a Biochemistry
_9227832
650 _aChemistry, Organic
_9227833
650 _aChemistry, Physical and theoretical
_9227834
942 _2ddc
_cBK
999 _c75246
_d75246